000 00965cam a2200265 i 4500
003 SA-RiAUC
005 20250705113727.0
008 250704s1998 ua a g 00000 ara c
020 _a9772321319
024 0 _a77000000007130
040 _aSA-MaUQU
_bara
_cSA-RiAUC
_erda
082 0 4 _a410.7
_qSA-RiAUC
090 _a410.7
_bح س ا
100 1 _aحسان، تمام،
_d1918-2011
_eمؤلف.
245 1 2 _aاللغة العربية :
_bمعناها ومبناها /
_cتأليف الدكتور تمام حسان.
250 _aالطبعة الثالثة.
264 1 _aالقاهرة :
_bعالم الكتب،
_c1998
300 _a378 صفحة :
_bإيضاحيات ؛
_c24 سم
336 _aنص
_btxt
_2rdacontent
_3كتاب
337 _aبدون وسيط
_bn
_2rdamedia
338 _aمجلد
_bnc
_2rdacarrier
650 7 _aاللغة العربية
_xدراسة وتعليم
_2aucsh
942 _2ddc
_cBOOK
_n0
949 _aSA-JeALM
_d250704
_umohamedma123
_n1
999 _c9477
_d9477